Normal view
MARC view
Entry Topical Term
001 - CONTROL NUMBER
- control field: 252211
003 - CONTROL NUMBER IDENTIFIER
- control field: OSt
005 - DATE AND TIME OF LATEST TRANSACTION
- control field: 20260122114711.0
008 - FIXED-LENGTH DATA ELEMENTS
- fixed length control field: 260122|| aca||aabn | a|a d
040 ## - CATALOGING SOURCE
- Original cataloging agency: OSt
- Transcribing agency: OSt
150 ## - HEADING--TOPICAL TERM
- Topical term or geographic name entry element: Business Start-Ups
670 ## - SOURCE DATA FOUND
- Source citation: Work cat.: (OSt)240811: Fraser Doherty 252209, Forty eight hour start up, 2016